000 00409nam a2200145 4500
001 119837
003 ES-MaACL
005 20230906191415.0
007 t|
008 070214s1909 sp r ||||1| spa d
100 1 _aPérez Pimentel, Antonio.
_991085
245 1 0 _aFonética samskrita
_b: (tesis doctoral) /
_cAntonio Pérez Pimentel.
260 _aMadrid :
_b[s.n.],
_c1909.
852 _aES-MaACL
_jT-1171-F-6
999 _c119837
_d119837